000 00317nam a2200133Ia 4500
008 230917s9999||||xx |||||||||||||| ||und||
040 _e115713
_aMAIN
041 _aEnglish
082 _a822.33 S15J
100 _aShakespear, William
245 0 _aJulius caeser
260 _aDelhi
_bPeacock Books
_c91
942 _cBK
999 _c143985
_d143985